Thinkertoys : (Record no. 8171)
[ view plain ]
| 000 -LEADER | |
|---|---|
| fixed length control field | 00437nam a22001577a 4500 |
| 005 - DATE AND TIME OF LATEST TRANSACTION | |
| control field | 20260305061231.0 |
| 008 - FIXED-LENGTH DATA ELEMENTS--GENERAL INFORMATION | |
| fixed length control field | 190724b ||||| |||| 00| 0 eng d |
| 020 ## - INTERNATIONAL STANDARD BOOK NUMBER | |
| International Standard Book Number | 9781606712320 |
| 082 ## - DEWEY DECIMAL CLASSIFICATION NUMBER | |
| Classification number | 158.1 MIC |
| 100 ## - MAIN ENTRY--PERSONAL NAME | |
| Personal name | Michalko, Michael |
| 245 ## - TITLE STATEMENT | |
| Title | Thinkertoys : |
| Remainder of title | a handbook of creative-thinking techniques. |
| 250 ## - EDITION STATEMENT | |
| Edition statement | 2nd ed. |
| 260 ## - PUBLICATION, DISTRIBUTION, ETC. | |
| Place of publication, distribution, etc. | New York, NY : |
| Name of publisher, distributor, etc. | MJf Books, |
| Date of publication, distribution, etc. | 2014. |
| 300 ## - PHYSICAL DESCRIPTION | |
| Extent | xx, 394 p. |
| Dimensions | 24 cm. |
| 942 ## - Added entry Elements (Koha) | |
| Source of classification or shelving scheme | Dewey Decimal Classification |
| Koha item type | Fiction |
| Withdrawn status | Lost status | Source of classification or shelving scheme | Damaged status | Not for loan | Collection code | Home library | Current library | Shelving location | Date acquired | Serial Enumeration / chronology | Total Checkouts | Total Renewals | Full call number | Barcode | Date last seen | Date last checked out | Price effective from | Koha item type |
|---|---|---|---|---|---|---|---|---|---|---|---|---|---|---|---|---|---|---|
| Dewey Decimal Classification | Main TEST | RTC Library | RTC Library | Main opac | 24/07/2019 | 14093 | 6 | 7 | 158.1 MIC | 30013815 | 05/01/2024 | 28/08/2023 | 24/07/2019 | Main | ||||
| Dewey Decimal Classification | Main TEST | RTC Library | RTC Library | Main opac | 25/08/2023 | 177907 | 158.1 MIC c.2 | 30018857 | 25/08/2023 | 25/08/2023 | Main | |||||||
| Dewey Decimal Classification | Main TEST | RTC Library | RTC Library | Main opac | 25/08/2023 | 177906 | 1 | 158.1 MIC c.3 | 30018837 | 17/05/2024 | 01/05/2024 | 25/08/2023 | Main | |||||
| Dewey Decimal Classification | Fiction | RTC Library | RTC Library | Fiction | 12/09/2023 | 177920 | 1 | 1 | 158.1 MIC | 30018934 | 28/11/2025 | 29/07/2025 | 12/09/2023 | Fiction |